000 00383nam a2200157Ia 4500
003 OSt
005 20240404124304.0
008 170619s9999 xx 000 0 und d
040 _cIIMT ENGINEERING COLLEGE
100 _aGILL PAUL W.
245 0 _aFundamental in internal combustion engg.
260 _bOxford & IBH Pub.
260 _c1951
546 _aENGLISH
942 _2ddc
_c01
999 _c16909
_d16909